Countries by Haiku #1 - Statistics

General Stats
  • This quiz has been taken 44,095 times
  • The average score is 11 of 17
Answer Stats
Hint Answer % Correct
Germany invades / this tiny neutral country / takes all the waffles Belgium
94%
Here we speak Urdu / which is almost but not quite / the same as Hindi Pakistan
86%
This northern island / growing larger day by day / tectonics at work Iceland
80%
The peninsula / where ancient Troy once stood proud / Anatolia! Turkey
79%
The Atlas foothills / a city called Marrakesh / hope you like couscous Morocco
78%
Too much unsold cheese / causing hardship for farmers / let's invent fondue Switzerland
76%
Hundreds of islands / near the Caribbean Sea / but not inside it Bahamas
70%
Our naval glory / rum sodomy and the lash / as the saying goes United Kingdom
69%
Nice to be near Nice / but one thing's even nicer / no more high taxes Monaco
68%
We built a big fence / to stop the rabbits spreading / but it didn't work Australia
65%
To this small island / the United Nations said / you're no real country Taiwan
59%
"Hola" said Eichmann / and please don't tell Israel / where they can find me Argentina
57%
Though mostly jungle / along the coast lie cities / where people speak Dutch Suriname
55%
At El Alamein / Erwin Rommel's mighty tanks / were finally stopped Egypt
53%
Our President said / that no gay people live here / Ahmadinejad Iran
52%
Countries do not like / our capital's location / except the U.S. Israel
41%
Government steals farms / turns all the starving people / into trillionaires Zimbabwe
33%
No matching quizzes found
Score Distribution
Percent of People with Each Score
Percentile by Number Answered
Your Score History
You have not taken this quiz